| 000 | 01107nam a2200301 a 4500 | ||
|---|---|---|---|
| 001 | 000115904 | ||
| 003 | CHAP | ||
| 005 | 20220329144553.0 | ||
| 008 | 190723s2018 mx a |r| ||||||spa d | ||
| 010 | _a112365 | ||
| 011 | _a113337 | ||
| 020 | _a9786078621064 | ||
| 040 | _cCHAP | ||
| 082 | 0 | 4 |
_a633.151097252 _bA28 |
| 100 | 1 |
_aAguirre Martínez, Eduardo Michel. _9136569 |
|
| 245 | 1 | 0 |
_aInnovación y tradición : _bmilpa y campesinos a la sombra de los volcanes del Estado de México / _cpor Eduardo Michel Aguirre Martínez. |
| 260 |
_aMéxico, D.F. : _bCámara de Diputados LXIII Legislatura, Centro de Estudios para el Desarrollo Rural Sustentable y la Soberanía Alimentaria, _c2018. |
||
| 300 |
_a157 p. : _bil. |
||
| 590 |
_aBATCH-UPD _b05 _c20190723 _lUCH01 _h1052 |
||
| 590 |
_aE5765TAJ _b05 _c20190723 _lUCH01 _h1051 |
||
| 590 |
_aE5765TAJ _b05 _c20190723 _lUCH01 _h1053 |
||
| 590 |
_aE5765TAJ _b05 _c20190723 _lUCH01 _h1245 |
||
| 650 | 1 | 4 |
_aAgricultura tradicional _zMéxico (Edo.). _9136571 |
| 650 | 1 | 4 |
_aMaíz _xCultivo _zMéxico (Edo.). _9136570 |
| 901 | _aBK | ||
| 942 | _cLIBRO | ||
| 942 | _n0 | ||
| 999 |
_c112365 _d112365 |
||